000 00280nam a22001097a 4500
999 _c261796
_d261795
020 _a1564587185
100 _aAngela Wilkes
245 _aThe Big Book Of : Dinosaurs A First Book For Young Children
260 _aU.S.A
_bDorling Kindersley
_c1994
300 _a32 pgs
942 _cBK